| 000 | 02008nam1a2200301 i 4500 | ||
|---|---|---|---|
| 001 | RU\NLR\bibl\1359974 | ||
| 005 | 20240726045455.0 | ||
| 035 | _a(NLR Aleph) 001352153 | ||
| 090 |
_a927792 _c927792 |
||
| 100 | _a20090421g20089999u y0rusy50 ca | ||
| 101 | 0 | _arus | |
| 102 | _aRU | ||
| 105 | _a||||z ||||| | ||
| 200 | 1 |
_aБюджетный кодекс Российской Федерации _e(по состоянию на 15 февраля 2008 г.) _eпостатейный научно-практический комментарий коллектива ученых центра исследования финансовых проблем Финансовой академии при Правительстве РФ _fпод общ. ред. д.э.н., проф., засл. деят. науки РФ В.М. Родионовой _g[предисл.: В.М. Родионова] |
|
| 210 |
_aМосква _cФГУ "Редакция "Российской газеты" _cАгентство "Библиотечка "Российской газеты" _d2008 |
||
| 215 | _d22 | ||
| 225 | 1 |
_aКодексы Российской Федерации _fсост. и общ. ред. к. ист. н. А.Т. Гаврилова |
|
| 300 | _aНа обороте тит. л. загл. сер.: Серия "Кодексы Российской Федерации - приложение к "Российской газете" | ||
| 463 | 0 | _10011247271 | |
| 604 |
_171001$aРоссийская Федерация _150011$3RU\NLR\auth\551262431$aБюджетный кодекс$jКомментарии$2nlr_sh2 |
||
| 604 |
_171001$aРоссийская Федерация. Законы _150011$aБюджетный кодекс Российской Федерации$2psbo |
||
| 686 | _aХ622.1-324.9(2Р) | ||
| 702 | 1 |
_aРодионова _bВ. М. _gВера Михайловна _4340 |
|
| 801 | 0 |
_aRU _bNLR _c20090421 _gRCR |
|
| 801 | 1 |
_aRU _bNLR _c20090421 |
|
| 852 |
_aNLR _j2008-5/2740 |
||
| 942 | _cBOOK | ||